Lesquels de ces films durent-ils plus de 2h30 ? - Statistiques

Statistiques générales
  • Ce quiz a été pris 89 fois
  • Le résultat moyen est 4 sur 11
Answers on the Grid
Answers color-coded by a green-red scale on the quiz's grid according to % correct below.
Whiplash
Titanic
Batman The Dark Night
Parasite
Oppenheimer
Le seigneur des anneaux : le retour du roi
Le loup de Wall-Street
La la land
Avengers Endgame
Joker
Inception
Get out
Fight club
Django Unchained
Avengers infinity war
Blade runner 2049
The revenant
Avatar
Cinéma paradiso
Barbie
 
Statistiques - réponses
Réponse % Correct
Titanic
63%
Avatar
55%
Oppenheimer
51%
Le seigneur des anneaux : le retour du roi
48%
The revenant
37%
Avengers Endgame
35%
Le loup de Wall-Street
31%
Batman The Dark Night
26%
Django Unchained
26%
Blade runner 2049
17%
Cinéma paradiso
11%
Aucun quiz correspondant
Distribution des résultats
% des personnes avec chaque résultat
Percentile par nombre de réponses
Votre historique - résultats
Vous n’avez pas pris ce quiz